000 00746cab a2200253 4500
001 A578
008 090401t1992 xxu||||| |||| 00| 0 eng d
035 _a(Sirsi) u29972
041 _aeng
100 _aWebb, P.
245 4 _aThe restoration and repair of sash windows
260 _c1992
350 _a0
490 _aStructural Survey
_v10(3) Winter 1992, 275-277(3)
520 _aA summary of the work undertaken at Uppark House to repair, replace and decorate 108 historic sash windows.
650 _aHISTORIC BUILDINGS
650 _aREPAIR METHODS
650 _aRESTORATION
650 _aSASH WINDOWS
650 _aWINDOWS
690 _aBUILDING AND CONSTRUCTION-REPAIRS AND MAINTENANCE
942 _n0
948 _c04/03/1997
999 _c20170
_d20170